Introducción a la investigación de operaciones (Registro nro. 3818)

Detalles MARC
000 -LEADER
fixed length control field 01974 a2200277 4500
001 - CONTROL NUMBER
control field 44839
005 - DATE AND TIME OF LATEST TRANSACTION
control field 20260407155723.0
008 - FIXED-LENGTH DATA ELEMENTS--GENERAL INFORMATION
fixed length control field 260407a1991 arg spa d
003 - CONTROL NUMBER IDENTIFIER
control field AR-UNSa-BCEJYS
040 ## - CATALOGING SOURCE
Original cataloging agency AR-UNSa-BCEJYS
Language of cataloging spa
Transcribing agency AR-UNSa-BCEJYS
080 ## - UNIVERSAL DECIMAL CLASSIFICATION NUMBER
Universal Decimal Classification number 519.8
Common auxiliary subdivision Investigación operativa
020 ## - INTERNATIONAL STANDARD BOOK NUMBER
International Standard Book Number 968-422-993-3
041 ## - LANGUAGE CODE
Language code of text/sound track or separate title spa
100 1# - MAIN ENTRY--PERSONAL NAME
Personal name González Osuna, Marcia
245 10 - TITLE STATEMENT
Title Introducción a la investigación de operaciones
250 ## - EDITION STATEMENT
Edition statement 3a. ed.
264 #1 - PRODUCTION, PUBLICATION, DISTRIBUTION, MANUFACTURE, AND COPYRIGHT NOTICE
Place of production, publication, distribution, manufacture México :
Name of producer, publisher, distributor, manufacturer McGraw-Hill
Date of production, publication, distribution, manufacture, or copyright notice 1991
300 ## - PHYSICAL DESCRIPTION
Extent xiv, 955 p.
Dimensions 24 cm.
505 ## - FORMATTED CONTENTS NOTE
Formatted contents note Parte 1: Introducción: 1. La naturaleza de la investigación de operaciones – 2. Panorama sobre el enfoque de modelado en la investigación de operaciones -- Parte 2: Programación lineal: 3. Introducción a la programación lineal – 4. Solución de problemas de programación lineal: Método simplex – 5. Teoría del método simplex – 6. Teoría de dualidad y análisis de sensibilidad – 7. Problemas especiales de programación lineal – 8. Formulación de modelos de programación lineal, incluyendo programación por objetos – 9. Otros algoritmos para programación lineal – Parte 3: Programación matemática: 10. Análisis de redes, incluyendo PERT- CPM – 11. Programación dinámica – 12. Teoría del juego – 13. Programación entera – 14. Programación no lineal – Parte 4: Modelos probabilísticos: 15. Cadenas de Markov – 16. Teoría de colas – 17. Aplicación de la teoría de colas – 18. Teoría de inventarios – 19. Pronósticos – 20. Procesos markovianos de decisión y sus aplicaciones – 21. Confiabilidad – 22. Análisis de decisión – 23. Simulación - <br/><br/>
590 ## - LOCAL NOTE (RLIN)
Local note niveau_biblio:m niveau_hierar:0
700 1# - ADDED ENTRY--PERSONAL NAME
Personal name Lieberman, Gerald J.
700 1# - ADDED ENTRY--PERSONAL NAME
Personal name Hillier, Frederick S.
700 1# - ADDED ENTRY--PERSONAL NAME
Personal name Cantú Delgado, José Humberto
856 41 - ELECTRONIC LOCATION AND ACCESS
Uniform Resource Identifier <a href="https://www.biblioeco.unsa.edu.ar/pmb/images/libros/L126998.jpg">https://www.biblioeco.unsa.edu.ar/pmb/images/libros/L126998.jpg</a>
Link text Imagen de portada
Electronic format type image/jpeg
942 ## - ADDED ENTRY ELEMENTS (KOHA)
Koha item type
Existencias
Withdrawn status Lost status Damaged status Not for loan Home library Current library Shelving location Date acquired Total checkouts Full call number Barcode Date last seen Price effective from Koha item type
        Biblioteca Prof. Eusebio Cleto del Rey Biblioteca Prof. Eusebio Cleto del Rey   07/04/2026   519.8 H654 3ed. L126998 07/04/2026 07/04/2026 Libro